Randomization and Monte Carlo methods in biology
Saved in:
| Main Author: | |
|---|---|
| Format: | Book |
| Language: | English |
| Published: |
London :
Chapman and Hall,
1991
|
| Subjects: | |
| Tags: |
Add Tag
No Tags, Be the first to tag this record!
|
MARC
| LEADER | 00000nam a2200000 i 4500 | ||
|---|---|---|---|
| 001 | 1/65177 | ||
| 008 | 931007s eng d | ||
| 020 | |a 0-412-36710-6 | ||
| 035 | |a ΛΕΣΒΟΣb10001511 |l 10001511 | ||
| 040 | |a GR-MY-UA |b gre |e aacr | ||
| 041 | 0 | |a eng | |
| 082 | 0 | |a 574.015195 | |
| 100 | 1 | |a Manly, Bryan F. J. |d 1944- | |
| 245 | 1 | 0 | |a Randomization and Monte Carlo methods in biology / |c Bryan F. J. Manly |
| 260 | |a London : |b Chapman and Hall, |c 1991 | ||
| 300 | |a 260 p. |b tables; fig. | ||
| 504 | |a Bibliograrhy: p.261-272. Includes index. | ||
| 650 | 0 | 0 | |a Biology |x Statistical methods. |
| 650 | 0 | 0 | |a Monte Carlo method. |
| 650 | 0 | 0 | |a Sampling (Statistics) |
| 852 | |a INST |b LESVOS |e 19931007 |h 574.015195 MAN |p 005100005965 |q 005100005965 |t BK |y 0 | ||
| 909 | |a Λ |b 019032 | ||